[Event "Buenos Aires Aloas Cup-A"]
[Site "Buenos Aires"]
[Date "2015.11.06"]
[Round "7"]
[White "Alonso, Salvador"]
[Black "Rodriguez Vila, Andres"]
[Result "0-1"]
[WhiteElo "2499"]
[BlackElo "2477"]
[PlyCount "86"]
[EventDate "2015.11.01"]
[EventType "tourn"]
[EventRounds "9"]
[EventCountry "ARG"]
[EventCategory "9"]
[SourceTitle "CBM 169 Extra"]
[Source "ChessBase"]
[SourceDate "2015.12.18"]
[SourceVersion "1"]
[SourceVersionDate "2015.12.18"]
[SourceQuality "1"]

1. e4 d6 2. d4 Nf6 3. Nc3 c6 4. f4 Bg4 5. Qd3 g6 6. Be2 Bxe2 7. Ngxe2 Na6 8.
O-O Nb4 9. Qd1 Bg7 10. a3 Na6 11. e5 Nd5 12. Ne4 O-O 13. exd6 exd6 14. f5 Re8
15. N2g3 Qd7 16. c4 Nb6 17. Bh6 Bh8 18. fxg6 hxg6 19. Nf6+ Bxf6 20. Rxf6 Re6
21. Qf3 Qe7 22. Rxe6 Qxe6 23. b3 d5 24. c5 Nd7 25. Rf1 Nc7 26. Qf4 Nb5 27. a4
Nc3 28. Qc7 b6 29. cxb6 axb6 30. Bd2 Ne4 31. Bf4 c5 32. Nxe4 dxe4 33. Qb7 Re8
34. d5 Qe7 35. Be3 Qd8 36. d6 Qc8 37. Qc7 f6 38. Bf4 g5 39. Bg3 Kf7 40. h4 gxh4
41. Bxh4 Ke6 42. Rf4 Qa8 43. Bg3 Rh8 0-1

[Event "Buenos Aires Aloas Cup-A"]
[Site "Buenos Aires"]
[Date "2015.11.08"]
[Round "9"]
[White "Santiago, Yago de Moura"]
[Black "Rodriguez Vila, Andres"]
[Result "0-1"]
[WhiteElo "2414"]
[BlackElo "2477"]
[PlyCount "68"]
[EventDate "2015.11.01"]
[EventType "tourn"]
[EventRounds "9"]
[EventCountry "ARG"]
[EventCategory "9"]
[SourceTitle "CBM 169 Extra"]
[Source "ChessBase"]
[SourceDate "2015.12.18"]
[SourceVersion "1"]
[SourceVersionDate "2015.12.18"]
[SourceQuality "1"]

1. d4 e6 2. c4 Bb4+ 3. Nd2 Ne7 4. Ngf3 O-O 5. a3 Bxd2+ 6. Bxd2 d6 7. Bc3 Ng6 8.
Qc2 Nd7 9. h4 Re8 10. O-O-O Qe7 11. h5 Ngf8 12. e3 e5 13. g4 e4 14. Nh4 Nf6 15.
Be2 Nxg4 16. Bxg4 Bxg4 17. Rdg1 f5 18. d5 Nd7 19. h6 g5 20. Nxf5 Bxf5 21. f4 g4
22. Rh5 Bg6 23. Rxg4 Nf6 24. Rxg6+ hxg6 25. h7+ Kf7 26. Rh6 Ng4 27. Rh3 Rh8 28.
Qg2 Nxe3 29. Rxe3 Rxh7 30. Rxe4 Qh4 31. Re1 Re8 32. Rxe8 Qxf4+ 33. Bd2 Qxc4+
34. Kd1 Qa4+ 0-1

[Event "Neuquen Patagonia op 1st"]
[Site "Neuquen"]
[Date "2015.11.22"]
[Round "2"]
[White "Rojas, Matias"]
[Black "Rodriguez Vila, Andres"]
[Result "0-1"]
[WhiteElo "1985"]
[BlackElo "2477"]
[PlyCount "33"]
[EventDate "2015.11.21"]
[EventType "swiss"]
[EventRounds "9"]
[EventCountry "ARG"]
[SourceTitle "CBM 169 Extra"]
[Source "ChessBase"]
[SourceDate "2015.12.18"]
[SourceVersion "1"]
[SourceVersionDate "2015.12.18"]
[SourceQuality "1"]

1. d4 e6 2. c4 Bb4+ 3. Nc3 d5 4. Nf3 Ne7 5. Qc2 O-O 6. a3 Bxc3+ 7. Qxc3 b6 8.
Bf4 dxc4 9. e4 f5 10. Bxc4 fxe4 11. Bxc7 Qe8 12. Nd2 Bb7 13. Bxe6+ Kh8 14. Be5
Qg6 15. Qg3 Nbc6 16. Qxg6 Nxg6 17. Bd5 0-1

[Event "Neuquen Patagonia op 1st"]
[Site "Neuquen"]
[Date "2015.11.23"]
[Round "3"]
[White "Rodriguez Vila, Andres"]
[Black "Mavrich, Leandro Nicolas"]
[Result "1-0"]
[WhiteElo "2477"]
[BlackElo "2209"]
[PlyCount "72"]
[EventDate "2015.11.21"]
[EventType "swiss"]
[EventRounds "9"]
[EventCountry "ARG"]
[SourceTitle "CBM 169 Extra"]
[Source "ChessBase"]
[SourceDate "2015.12.18"]
[SourceVersion "1"]
[SourceVersionDate "2015.12.18"]
[SourceQuality "1"]

1. e4 c5 2. Nc3 d6 3. Nge2 Nf6 4. d4 cxd4 5. Nxd4 a6 6. Be3 Ng4 7. Bg5 h6 8.
Bh4 g5 9. Bg3 Bg7 10. Be2 h5 11. h4 Nc6 12. Nb3 gxh4 13. Bxh4 Be6 14. Qd2 Qb6
15. Nd5 Bxd5 16. exd5 Nce5 17. Qa5 Qxa5+ 18. Nxa5 Ng6 19. c3 Nf4 20. Bg3 Nxe2
21. Kxe2 Rc8 22. Rad1 Kd7 23. f3 Ne5 24. Rh4 Ng6 25. Rb4 b5 26. a4 h4 27. Bh2
Rc5 28. Bg1 f5 29. Bxc5 dxc5 30. Rb3 Nf4+ 31. Ke3 c4 32. Nxc4 bxc4 33. Rb7+ Kc8
34. Rxe7 Bh6 35. Kf2 Nd3+ 36. Kf1 Rg8 1-0

[Event "Neuquen Patagonia op 1st"]
[Site "Neuquen"]
[Date "2015.11.24"]
[Round "4"]
[White "Benedetti, Julio"]
[Black "Rodriguez Vila, Andres"]
[Result "0-1"]
[WhiteElo "2291"]
[BlackElo "2477"]
[PlyCount "92"]
[EventDate "2015.11.21"]
[EventType "swiss"]
[EventRounds "9"]
[EventCountry "ARG"]
[SourceTitle "CBM 169 Extra"]
[Source "ChessBase"]
[SourceDate "2015.12.18"]
[SourceVersion "1"]
[SourceVersionDate "2015.12.18"]
[SourceQuality "1"]

1. e4 e6 2. d4 d5 3. e5 c5 4. c3 Nc6 5. Nf3 Bd7 6. Be2 Nge7 7. a3 c4 8. O-O Na5
9. Nbd2 Nc8 10. Qe1 Ba4 11. Bd1 Qd7 12. Rb1 Nb6 13. h3 Bxd1 14. Qxd1 Qa4 15.
Qe2 Be7 16. Ne1 h5 17. f4 g6 18. g3 O-O-O 19. Ndf3 Qb3 20. Nd2 Qa4 21. Ndf3 Rd7
22. Ng2 Qb3 23. Be3 Na4 24. Nd2 Qb6 25. Qd1 Nb3 26. Rf2 Kb8 27. Nxb3 Qxb3 28.
Qxb3 cxb3 29. Rbf1 Rc7 30. Bc1 Rhc8 31. Ne1 Bxa3 32. Nd3 Be7 33. Bd2 Nb6 34. g4
hxg4 35. hxg4 a5 36. f5 gxf5 37. gxf5 a4 38. fxe6 fxe6 39. Nf4 a3 40. Nxe6 Rc6
41. Nc5 Rxc5 42. dxc5 Bxc5 43. bxa3 Rf8 44. a4 Nc4 45. e6 Rxf2 46. Rxf2 Kc7 0-1

[Event "Neuquen Patagonia op 1st"]
[Site "Neuquen"]
[Date "2015.11.25"]
[Round "6"]
[White "Santiago, Yago de Moura"]
[Black "Rodriguez Vila, Andres"]
[Result "1-0"]
[WhiteElo "2414"]
[BlackElo "2477"]
[PlyCount "103"]
[EventDate "2015.11.21"]
[EventType "swiss"]
[EventRounds "9"]
[EventCountry "ARG"]
[SourceTitle "CBM 169 Extra"]
[Source "ChessBase"]
[SourceDate "2015.12.18"]
[SourceVersion "1"]
[SourceVersionDate "2015.12.18"]
[SourceQuality "1"]

1. d4 Nf6 2. Nf3 e6 3. c4 c5 4. Nc3 cxd4 5. Nxd4 Nc6 6. g3 Qb6 7. Ndb5 Bc5 8.
Bg2 d5 9. O-O dxc4 10. Nd6+ Bxd6 11. Qxd6 Bd7 12. Be3 Qa6 13. b4 O-O-O 14. b5
Qa5 15. bxc6 Bxc6 16. Qc5 Qxc5 17. Bxc5 Bxg2 18. Kxg2 b6 19. Be7 Rd7 20. Bxf6
gxf6 21. Rfc1 Kb7 22. Ne4 f5 23. Nc3 Rc8 24. Rc2 Rc6 25. a4 a6 26. Rb1 Ka7 27.
Rb4 Rc5 28. Kf1 Rd4 29. e3 Rd7 30. Ke2 Kb7 31. Nb1 b5 32. axb5 axb5 33. Nc3 Kc6
34. Rcb2 Rb7 35. Kd2 e5 36. Kc2 h5 37. Rb1 f6 38. h4 Rb8 39. Na4 Rd5 40. Rxc4+
bxc4 41. Rxb8 f4 42. Rc8+ Kd6 43. Nb6 Rb5 44. Nxc4+ Ke6 45. e4 Rb4 46. gxf4
exf4 47. Rc5 f3 48. Nd2 Ra4 49. Rxh5 Ra2+ 50. Kd3 Ra3+ 51. Kd4 Ra2 52. Ke3 1-0

[Event "Neuquen Patagonia op 1st"]
[Site "Neuquen"]
[Date "2015.11.26"]
[Round "7"]
[White "Rodriguez Vila, Andres"]
[Black "Sanhueza, Cristian"]
[Result "1-0"]
[WhiteElo "2477"]
[BlackElo "2264"]
[PlyCount "81"]
[EventDate "2015.11.21"]
[EventType "swiss"]
[EventRounds "9"]
[EventCountry "ARG"]
[SourceTitle "CBM 169 Extra"]
[Source "ChessBase"]
[SourceDate "2015.12.18"]
[SourceVersion "1"]
[SourceVersionDate "2015.12.18"]
[SourceQuality "1"]

1. e4 e5 2. Nf3 Nf6 3. Nc3 Nc6 4. h3 Bb4 5. d3 d5 6. exd5 Nxd5 7. Bd2 O-O 8.
Be2 h6 9. O-O f5 10. Nxd5 Qxd5 11. Bxb4 Nxb4 12. d4 exd4 13. Qxd4 Qxd4 14. Nxd4
Bd7 15. Rad1 a6 16. Bf3 c5 17. c3 cxd4 18. cxb4 Bc6 19. Bxc6 bxc6 20. Rxd4 Rfe8
21. Rc1 Re2 22. Rxc6 Ra7 23. Rc8+ Kh7 24. Rc5 Rxb2 25. a3 Rf7 26. Ra5 Rf6 27.
Rf4 Rb3 28. h4 g6 29. g4 Kg7 30. gxf5 gxf5 31. Kg2 Kg6 32. Rf3 Rb1 33. Rc5 Rb2
34. Kg3 Rb1 35. Kf4 Re1 36. Rg3+ Kh5 37. Rxf5+ Rxf5+ 38. Kxf5 Rc1 39. Re3 Rc6
40. f4 Kxh4 41. Re6 1-0

[Event "Neuquen Patagonia op 1st"]
[Site "Neuquen"]
[Date "2015.11.27"]
[Round "8"]
[White "Arias, Juan Cruz"]
[Black "Rodriguez Vila, Andres"]
[Result "0-1"]
[WhiteElo "2099"]
[BlackElo "2477"]
[PlyCount "76"]
[EventDate "2015.11.21"]
[EventType "swiss"]
[EventRounds "9"]
[EventCountry "ARG"]
[SourceTitle "CBM 169 Extra"]
[Source "ChessBase"]
[SourceDate "2015.12.18"]
[SourceVersion "1"]
[SourceVersionDate "2015.12.18"]
[SourceQuality "1"]

1. e4 c5 2. Nc3 Nc6 3. g3 g6 4. Bg2 Bg7 5. d3 d6 6. Nh3 Nf6 7. O-O O-O 8. f4
Bg4 9. Qd2 Nd4 10. Kh1 Rc8 11. Ng1 b5 12. Qf2 b4 13. Nd1 Bxd1 14. Rxd1 Ng4 15.
Qd2 c4 16. Bh3 Qd7 17. c3 bxc3 18. bxc3 Nb5 19. d4 Nxc3 20. Qxc3 Nf2+ 21. Kg2
Nxd1 22. Qc2 Qc6 23. Bxc8 Bxd4 24. Bg4 Nf2 25. Be2 Nxe4 26. Bf3 Bxa1 27. Bxe4
d5 28. Bf3 Qc5 29. Ne2 Rb8 30. Qd1 d4 31. Be3 dxe3 32. Qxa1 Rd8 33. Nc3 Rd2+
34. Be2 Qd4 35. Qc1 Qd3 36. Kf3 Rc2 37. Bxd3 Rxc1 38. Ne2 cxd3 0-1

[Event "Neuquen Patagonia op 1st"]
[Site "Neuquen"]
[Date "2015.11.28"]
[Round "9"]
[White "Rodriguez Vila, Andres"]
[Black "Perez, Maximiliano"]
[Result "1/2-1/2"]
[WhiteElo "2477"]
[BlackElo "2422"]
[PlyCount "131"]
[EventDate "2015.11.21"]
[EventType "swiss"]
[EventRounds "9"]
[EventCountry "ARG"]
[SourceTitle "CBM 169 Extra"]
[Source "ChessBase"]
[SourceDate "2015.12.18"]
[SourceVersion "1"]
[SourceVersionDate "2015.12.18"]
[SourceQuality "1"]

1. e4 c5 2. Nf3 d6 3. d4 cxd4 4. Nxd4 Nf6 5. f3 e5 6. Nb3 Be6 7. c4 Nbd7 8. Nc3
Rc8 9. Be3 Bxc4 10. Bxc4 Rxc4 11. Qd3 Rc6 12. Bxa7 b6 13. O-O Qa8 14. Nb5 Be7
15. a4 O-O 16. a5 Nc5 17. Nxc5 bxc5 18. Bb6 Bd8 19. Bxd8 Rxd8 20. a6 Ne8 21. a7
Qb7 22. Qc4 Ra8 23. Ra5 h6 24. Rfa1 Nc7 25. Nc3 Rb6 26. Qd3 Qc6 27. R1a2 Rb7
28. Nd5 Nxd5 29. exd5 Qc7 30. Qa3 Rb4 31. Ra6 e4 32. fxe4 Rxe4 33. Qd3 f5 34.
Ra1 c4 35. Qa3 Qe7 36. Rf1 Re1 37. h3 Qe4 38. Rxe1 Qxe1+ 39. Kh2 Qe5+ 40. Qg3
Qxd5 41. Rxd6 Qb7 42. Rxh6 Qxa7 43. Rc6 Qd4 44. Qc3 Qf4+ 45. Qg3 Qd4 46. Qc7
Qxb2 47. Rxc4 Re8 48. Rc5 Qf6 49. Qf4 Rf8 50. h4 Qg6 51. Rd5 Kh7 52. Kh3 Qh5
53. Rd7 Rf6 54. Rd5 Rf7 55. Rd3 Rf6 56. Rf3 Qh6 57. Qe5 Qh5 58. Rf4 Qg6 59. Kh2
Qh5 60. Rf3 Rh6 61. Kg1 Rf6 62. Rf4 Qd1+ 63. Kh2 Qh5 64. Kg1 Qd1+ 65. Kh2 Qh5
66. Kg1 1/2-1/2

[Event "Zicosur op 2nd"]
[Site "Antofagasta"]
[Date "2016.01.07"]
[Round "4"]
[White "Rodriguez Vila, Andres"]
[Black "Tiviakov, Sergei"]
[Result "0-1"]
[WhiteElo "2487"]
[BlackElo "2611"]
[PlyCount "104"]
[EventDate "2016.01.05"]
[EventType "swiss"]
[EventRounds "9"]
[EventCountry "CHI"]
[SourceTitle "CBM 170 Extra"]
[Source "ChessBase"]
[SourceDate "2016.02.25"]
[SourceVersion "1"]
[SourceVersionDate "2016.02.25"]
[SourceQuality "1"]

1. f4 d5 2. Nf3 Nf6 3. g3 g6 4. Bg2 Bg7 5. O-O c5 6. d3 O-O 7. Nc3 Nc6 8. e4
dxe4 9. dxe4 Qxd1 10. Rxd1 e5 11. Be3 b6 12. h3 Nh5 13. Kf2 exf4 14. gxf4 Nd4
15. Rd2 Bb7 16. Ne1 Ne6 17. Ne2 Bxb2 18. Rad1 Bf6 19. Bf3 Bh4+ 20. Kg2 Nhg7 21.
Nc3 Rad8 22. Rxd8 Rxd8 23. Rxd8+ Bxd8 24. Nd5 f5 25. e5 Kf7 26. Nd3 h6 27. Nc3
Bxf3+ 28. Kxf3 Nc7 29. Nb2 Ke6 30. Nc4 Be7 31. a4 Nge8 32. Ke2 g5 33. Kd3 Nd5
34. Nxd5 Kxd5 35. Nd2 Ng7 36. c4+ Ke6 37. Nf3 g4 38. Nh2 h5 39. Bf2 Kf7 40. Ke3
Kg6 41. Be1 gxh3 42. Kf3 Ne6 43. Nf1 h4 44. Bd2 Nd4+ 45. Kf2 Bf8 46. Ne3 Nb3
47. Bc3 Nc1 48. Nd5 Kf7 49. Kf3 Nd3 50. a5 bxa5 51. Bxa5 Bh6 52. Bd2 Nxe5+ 0-1

[Event "Florianopolis op 2nd"]
[Site "Florianopolis"]
[Date "2016.01.16"]
[Round "1"]
[White "Filgueiras, Nathan Felipe"]
[Black "Rodriguez Vila, Andres"]
[Result "0-1"]
[WhiteElo "1837"]
[BlackElo "2487"]
[PlyCount "68"]
[EventDate "2016.01.16"]
[EventType "swiss"]
[EventRounds "10"]
[EventCountry "BRA"]
[SourceTitle "CBM 170 Extra"]
[Source "ChessBase"]
[SourceDate "2016.02.25"]
[SourceVersion "1"]
[SourceVersionDate "2016.02.25"]
[SourceQuality "1"]

1. e4 e6 2. d4 d5 3. Nd2 c5 4. exd5 Qxd5 5. Ngf3 cxd4 6. Bc4 Qd6 7. Bb3 Nc6 8.
Nc4 Qd8 9. Ba4 Bd7 10. O-O Nf6 11. Bf4 Be7 12. Nd6+ Kf8 13. Nc4 Be8 14. Bxc6
Bxc6 15. Nxd4 Bxg2 16. Nxe6+ fxe6 17. Kxg2 Qe8 18. Ne5 g5 19. Bg3 h5 20. Qd3
Rd8 21. Qg6 Rg8 22. Qh6+ Rg7 23. Qh8+ Ng8 24. Nd3 Bf6 25. Be5 Qg6 26. Kg1 Qe4
27. Bxf6 Qg4+ 28. Kh1 Qf3+ 29. Kg1 Qxf6 30. Qxh5 Rd4 31. Qe2 Ke7 32. c3 Rh4 33.
Kg2 Qf5 34. Rad1 Qh3+ 0-1

[Event "Florianopolis op 2nd"]
[Site "Florianopolis"]
[Date "2016.01.17"]
[Round "2"]
[White "Rodriguez Vila, Andres"]
[Black "Pereira, Geanfrancesco"]
[Result "1-0"]
[WhiteElo "2487"]
[BlackElo "2028"]
[PlyCount "41"]
[EventDate "2016.01.16"]
[EventType "swiss"]
[EventRounds "10"]
[EventCountry "BRA"]
[SourceTitle "CBM 170 Extra"]
[Source "ChessBase"]
[SourceDate "2016.02.25"]
[SourceVersion "1"]
[SourceVersionDate "2016.02.25"]
[SourceQuality "1"]

1. e4 c5 2. Nc3 Nc6 3. Nge2 g6 4. d4 cxd4 5. Nxd4 Bg7 6. Nb3 Nf6 7. g4 d6 8.
Be2 Ne5 9. g5 Nfd7 10. f4 Nc6 11. Be3 a5 12. a4 Nb4 13. Qd2 Nb6 14. h4 Be6 15.
Nd4 Bc4 16. h5 e5 17. Ndb5 O-O 18. Bxb6 Qxb6 19. Bxc4 exf4 20. hxg6 hxg6 21.
O-O-O 1-0

[Event "Florianopolis op 2nd"]
[Site "Florianopolis"]
[Date "2016.01.17"]
[Round "3"]
[White "Guerrero, Alvaro"]
[Black "Rodriguez Vila, Andres"]
[Result "0-1"]
[WhiteElo "2157"]
[BlackElo "2487"]
[PlyCount "24"]
[EventDate "2016.01.16"]
[EventType "swiss"]
[EventRounds "10"]
[EventCountry "BRA"]
[SourceTitle "CBM 170 Extra"]
[Source "ChessBase"]
[SourceDate "2016.02.25"]
[SourceVersion "1"]
[SourceVersionDate "2016.02.25"]
[SourceQuality "1"]

1. d4 e6 2. c4 Bb4+ 3. Nc3 b6 4. Nf3 Bb7 5. e3 Nf6 6. Be2 O-O 7. O-O c5 8. Bd2
cxd4 9. Nxd4 Nc6 10. Nc2 Be7 11. Rc1 Rc8 12. b3 d5 0-1

[Event "Florianopolis op 2nd"]
[Site "Florianopolis"]
[Date "2016.01.18"]
[Round "4"]
[White "Rodriguez Vila, Andres"]
[Black "Muniz, Rafael"]
[Result "1-0"]
[WhiteElo "2487"]
[BlackElo "2258"]
[PlyCount "26"]
[EventDate "2016.01.16"]
[EventType "swiss"]
[EventRounds "10"]
[EventCountry "BRA"]
[SourceTitle "CBM 170 Extra"]
[Source "ChessBase"]
[SourceDate "2016.02.25"]
[SourceVersion "1"]
[SourceVersionDate "2016.02.25"]
[SourceQuality "1"]

1. e4 c5 2. Nf3 d6 3. g3 Nc6 4. Bg2 g6 5. d4 cxd4 6. Nxd4 Bg7 7. Be3 Bd7 8. O-O
Nf6 9. h3 O-O 10. a3 Qc7 11. Kh2 Ne5 12. Nd2 Nc4 13. Nxc4 Qxc4 1-0

[Event "Florianopolis op 2nd"]
[Site "Florianopolis"]
[Date "2016.01.19"]
[Round "5"]
[White "Umetsubo, Cesar Hidemitsu"]
[Black "Rodriguez Vila, Andres"]
[Result "0-1"]
[WhiteElo "2370"]
[BlackElo "2487"]
[PlyCount "84"]
[EventDate "2016.01.16"]
[EventType "swiss"]
[EventRounds "10"]
[EventCountry "BRA"]
[SourceTitle "CBM 170 Extra"]
[Source "ChessBase"]
[SourceDate "2016.02.25"]
[SourceVersion "1"]
[SourceVersionDate "2016.02.25"]
[SourceQuality "1"]

1. d4 Nf6 2. Nf3 c5 3. c3 b6 4. Bf4 Bb7 5. e3 d6 6. h3 Nbd7 7. Nbd2 g6 8. Be2
Bg7 9. O-O O-O 10. Qb1 e5 11. Bh2 Qe7 12. dxe5 dxe5 13. e4 Nh5 14. Re1 Nf4 15.
Bf1 g5 16. Nc4 Qf6 17. Ne3 Rfd8 18. Nf5 Nf8 19. Qc2 N8g6 20. Rad1 Bf8 21. g3
Ne6 22. Nd2 h5 23. Nc4 g4 24. hxg4 Ng5 25. Bg2 hxg4 26. Qe2 Nh3+ 27. Bxh3 gxh3
28. Qg4 Rxd1 29. Rxd1 Rd8 30. Rb1 Qe6 31. b3 Rd3 32. Rc1 b5 33. Nce3 c4 34. b4
Qc6 35. f3 Qb6 36. Qg5 a5 37. a3 axb4 38. axb4 Qa7 39. Kh1 Rxc3 40. Re1 Qa2 41.
Bg1 Bc8 42. Qh5 Bxf5 0-1

[Event "Florianopolis op 2nd"]
[Site "Florianopolis"]
[Date "2016.01.20"]
[Round "7"]
[White "Bachmann, Axel"]
[Black "Rodriguez Vila, Andres"]
[Result "1/2-1/2"]
[WhiteElo "2610"]
[BlackElo "2487"]
[PlyCount "36"]
[EventDate "2016.01.16"]
[EventType "swiss"]
[EventRounds "10"]
[EventCountry "BRA"]
[SourceTitle "CBM 170 Extra"]
[Source "ChessBase"]
[SourceDate "2016.02.25"]
[SourceVersion "1"]
[SourceVersionDate "2016.02.25"]
[SourceQuality "1"]

1. Nf3 e6 2. g3 c5 3. c4 b6 4. Bg2 Bb7 5. O-O Nf6 6. b3 Be7 7. Bb2 Na6 8. Nc3
O-O 9. d4 cxd4 10. Qxd4 d6 11. Rfd1 Nc5 12. Rac1 a6 13. Ng5 Bxg2 14. Kxg2 Qb8
15. b4 Qb7+ 16. Kg1 h6 17. Nf3 Ncd7 18. a3 Rac8 1/2-1/2

[Event "Florianopolis op 2nd"]
[Site "Florianopolis"]
[Date "2016.01.21"]
[Round "8"]
[White "Rodriguez Vila, Andres"]
[Black "Pereira, Silvio Cunha"]
[Result "1/2-1/2"]
[WhiteElo "2487"]
[BlackElo "2305"]
[PlyCount "95"]
[EventDate "2016.01.16"]
[EventType "swiss"]
[EventRounds "10"]
[EventCountry "BRA"]
[SourceTitle "CBM 170 Extra"]
[Source "ChessBase"]
[SourceDate "2016.02.25"]
[SourceVersion "1"]
[SourceVersionDate "2016.02.25"]
[SourceQuality "1"]

1. e4 e5 2. Nf3 Nc6 3. Bc4 Bc5 4. c3 Bb6 5. O-O Nf6 6. d4 Qe7 7. d5 Nd8 8. Nbd2
d6 9. Bd3 c6 10. c4 a5 11. Re1 Nh5 12. Nf1 g6 13. Be3 Bxe3 14. Nxe3 c5 15. a3
O-O 16. b4 axb4 17. axb4 Rxa1 18. Qxa1 cxb4 19. Qa5 b6 20. Qxb4 Nb7 21. Qxb6
Nc5 22. Bc2 f5 23. exf5 gxf5 24. Nf1 Nf4 25. Ng3 e4 26. Nd4 Bd7 27. Qb1 Qg7 28.
Qa1 Qg6 29. f3 h5 30. fxe4 fxe4 31. Ne6 Bxe6 32. dxe6 Qxe6 33. Qd4 h4 34. Bxe4
Nxe4 35. Qxe4 Qg4 36. Re3 Qd1+ 37. Re1 Qg4 38. Re3 Qd1+ 39. Re1 Qg4 40. Qe3
hxg3 41. Qxg3 Qxg3 42. hxg3 Nd3 43. Rd1 Ne5 44. Rxd6 Nxc4 45. Re6 Kf7 46. Re4
Nd6 47. Rf4+ Kg7 48. Rxf8 1/2-1/2

[Event "Florianopolis op 2nd"]
[Site "Florianopolis"]
[Date "2016.01.21"]
[Round "9"]
[White "Aranha Filho, Alvaro Zimmermann"]
[Black "Rodriguez Vila, Andres"]
[Result "1-0"]
[WhiteElo "2293"]
[BlackElo "2487"]
[PlyCount "85"]
[EventDate "2016.01.16"]
[EventType "swiss"]
[EventRounds "10"]
[EventCountry "BRA"]
[SourceTitle "CBM 170 Extra"]
[Source "ChessBase"]
[SourceDate "2016.02.25"]
[SourceVersion "1"]
[SourceVersionDate "2016.02.25"]
[SourceQuality "1"]

1. d4 f5 2. Nc3 d5 3. Bf4 e6 4. e3 Nf6 5. Nf3 Be7 6. Bd3 O-O 7. O-O Ne4 8. Ne2
g5 9. Be5 Nd7 10. c4 c6 11. Ne1 Nxe5 12. dxe5 Qa5 13. cxd5 Nd2 14. d6 Bd8 15.
b4 Qxb4 16. Nc2 Qa5 17. Re1 Bd7 18. Ng3 Qc3 19. Qe2 Ba5 20. f4 c5 21. Bb5 Bxb5
22. Qxb5 gxf4 23. exf4 Bb6 24. Rac1 c4+ 25. Kh1 Rf7 26. Ne3 Qd3 27. Nef1 Ne4
28. Nxe4 fxe4 29. Qxc4 Qxc4 30. Rxc4 Rxf4 31. Ng3 Raf8 32. Rcxe4 Rf2 33. R4e2
Rxe2 34. Rxe2 Rc8 35. h4 Bd4 36. Nh5 Kf7 37. Re4 Bb2 38. g4 Kg6 39. Nf4+ Kf7
40. Nd3 Bc3 41. Rf4+ Kg7 42. d7 Rb8 43. Rc4 1-0

[Event "Florianopolis op 2nd"]
[Site "Florianopolis"]
[Date "2016.01.22"]
[Round "10"]
[White "Rodriguez Vila, Andres"]
[Black "Miguel, Gabriel Carvalho Mo"]
[Result "1-0"]
[WhiteElo "2487"]
[BlackElo "2191"]
[PlyCount "80"]
[EventDate "2016.01.16"]
[EventType "swiss"]
[EventRounds "10"]
[EventCountry "BRA"]
[SourceTitle "CBM 170 Extra"]
[Source "ChessBase"]
[SourceDate "2016.02.25"]
[SourceVersion "1"]
[SourceVersionDate "2016.02.25"]
[SourceQuality "1"]

1. e4 c5 2. Nc3 e6 3. Nf3 Nc6 4. g3 d5 5. Bg2 Nf6 6. exd5 exd5 7. O-O Be7 8. d4
O-O 9. dxc5 Bxc5 10. Bg5 Be6 11. Qd3 h6 12. Bf4 a6 13. a3 b5 14. Ne5 Ne7 15.
Rad1 Rc8 16. Qd2 Qb6 17. Nd3 Bd4 18. Be5 Rfd8 19. Bxd4 Qxd4 20. Nf4 Qxd2 21.
Rxd2 g5 22. Nxe6 fxe6 23. Re1 Kf7 24. Na2 Nf5 25. Nb4 a5 26. Nd3 Nd7 27. Bf3
Kf6 28. Kg2 Nd4 29. Bg4 Re8 30. c3 Nf5 31. f4 Nc5 32. fxg5+ hxg5 33. Nxc5 Rxc5
34. Rf2 Rec8 35. Bh3 Kg7 36. Rxe6 d4 37. cxd4 Nxd4 38. Re7+ Kg8 39. Rd2 Rc2 40.
Rxc2 Nxc2 1-0

[Event "Florianopolis 3rd"]
[Site "Florianopolis"]
[Date "2016.01.23"]
[Round "1"]
[White "Gauche, Charles"]
[Black "Rodriguez Vila, Andres"]
[Result "0-1"]
[WhiteElo "2250"]
[BlackElo "2487"]
[PlyCount "100"]
[EventDate "2016.01.23"]
[EventType "tourn"]
[EventRounds "9"]
[EventCountry "BRA"]
[EventCategory "6"]
[SourceTitle "CBM 170 Extra"]
[Source "ChessBase"]
[SourceDate "2016.02.25"]
[SourceVersion "1"]
[SourceVersionDate "2016.02.25"]
[SourceQuality "1"]

1. Nf3 g6 2. e4 c5 3. d4 cxd4 4. Nxd4 Bg7 5. c4 b6 6. Be3 Bb7 7. Nc3 Nc6 8. Be2
Nf6 9. O-O O-O 10. f3 Qb8 11. Qd2 Rd8 12. Rfd1 Nh5 13. Bf1 e6 14. Qf2 d6 15.
Rd2 Rd7 16. Rad1 Qf8 17. Ndb5 Rad8 18. Bg5 f6 19. Be3 f5 20. exf5 gxf5 21. Bg5
Nf6 22. Qe1 e5 23. Nd5 h6 24. Bh4 Kh8 25. Bd3 e4 26. fxe4 Ne5 27. Rf2 Nxd3 28.
Rxd3 Nxe4 29. Bxd8 Nxf2 30. Qxf2 Rxd8 31. Nd4 Bxd5 32. cxd5 Rc8 33. Nc6 f4 34.
b3 Qf7 35. Qd2 Re8 36. Rf3 Re4 37. g3 Qh5 38. Kg2 Qe8 39. Kf2 fxg3+ 40. hxg3 a5
41. a4 Kg8 42. Qd1 h5 43. Qd3 h4 44. gxh4 Rxh4 45. Qf5 Re4 46. Qg5 Re2+ 47. Kg3
Re1 48. Rf2 Rg1+ 49. Rg2 Qe1+ 50. Kf3 Qf1+ 0-1

[Event "Florianopolis 3rd"]
[Site "Florianopolis"]
[Date "2016.01.23"]
[Round "2"]
[White "Rodriguez Vila, Andres"]
[Black "Di Berardino, Diego Rafael"]
[Result "1-0"]
[WhiteElo "2487"]
[BlackElo "2512"]
[PlyCount "75"]
[EventDate "2016.01.23"]
[EventType "tourn"]
[EventRounds "9"]
[EventCountry "BRA"]
[EventCategory "6"]
[SourceTitle "CBM 170 Extra"]
[Source "ChessBase"]
[SourceDate "2016.02.25"]
[SourceVersion "1"]
[SourceVersionDate "2016.02.25"]
[SourceQuality "1"]

1. e4 c5 2. Nf3 d6 3. b4 cxb4 4. d4 g6 5. a3 b3 6. cxb3 Bg7 7. Nc3 Bg4 8. Be3
Nf6 9. Be2 O-O 10. O-O Nc6 11. d5 Bxf3 12. gxf3 Ne5 13. Rc1 a6 14. Kh1 Rc8 15.
f4 Ned7 16. Bd4 Ne8 17. Bg4 Rc7 18. Re1 Bxd4 19. Qxd4 Ndf6 20. Bh3 Nh5 21. e5
Neg7 22. b4 f6 23. e6 Qb8 24. Ne2 Rfc8 25. Rxc7 Qxc7 26. Bg4 f5 27. Bf3 Nf6 28.
Qa7 Qb8 29. Qxb8 Rxb8 30. Rc1 Kf8 31. a4 Ke8 32. b5 axb5 33. axb5 Kd8 34. b6
Ra8 35. Rc7 Rb8 36. Nd4 Nge8 37. Nb5 Ng7 38. Nxd6 1-0